| 000 | 01016nam a22002417a 4500 | ||
|---|---|---|---|
| 005 | 20240530110502.0 | ||
| 008 | 150504s2010 ua ad g b 000 0 ara d | ||
| 017 |
_a15434/2009 _bمصر . دار الكتب المصرية |
||
| 020 | _a9789773491047 | ||
| 040 | _aEG-CaGPL | ||
| 082 | 0 | 4 |
_221 _a323.443\ _bهـ د |
| 100 | 0 | _aهشام عطية عبدالمقصود | |
| 245 | 1 | 0 |
_aدراسة لخطاب المدونات العربية : _bالتعبيرات السياسية و الاجتماعية لشبكة الانترنت / _cهشام عطية عبدالمقصود |
| 250 | _aط1 | ||
| 260 |
_aالقاهرة : _bالعربى للنشر و التوزيع ، _c2010 . |
||
| 300 |
_a204 ص : _bجداول ؛ _c24 سم + _eملاحق . |
||
| 490 | _aدراسات فى الاعلام | ||
| 504 | _aيشتمل على ارجاعات ببليوجرافية | ||
| 650 | 0 | 4 | _aالصحافة الالكترونية |
| 650 | 0 | 4 | _aالانترنت |
| 942 |
_2ddc _cBK |
||
| 999 |
_c61499 _d61499 |
||